| 000 | 00470nam a22001817a 4500 | ||
|---|---|---|---|
| 003 | OSt | ||
| 005 | 20230327042332.0 | ||
| 008 | 180228b ||||| |||| 00| 0 eng d | ||
| 020 | _a9780373124732 | ||
| 040 |
_aMMU _beng _cMMU _dMMU |
||
| 050 | _aFIC PS 3584 .P678 2005 | ||
| 100 | _aPorter Jane | ||
| 245 |
_aThe sheikhs virgin/ _cJane Porter. |
||
| 260 |
_aToronto : _bHarlequin, _c2005. |
||
| 300 | _a185 p. : | ||
| 650 | _aThe sheikhs virgin | ||
| 942 |
_2lcc _cFICTION |
||
| 999 |
_c30658 _d30657 |
||